Normal view
MARC view
- Haris Naseem Abbasi
Entry Personal Name
001 - CONTROL NUMBER
- control field: 92566
003 - CONTROL NUMBER IDENTIFIER
- control field: NUST
005 - DATE AND TIME OF LATEST TRANSACTION
- control field: 20220703191646.0
008 - FIXED-LENGTH DATA ELEMENTS
- fixed length control field: 220703|| aca||aabn | a|a d
040 ## - CATALOGING SOURCE
- Original cataloging agency: NUST
- Transcribing agency: NUST
100 ## - HEADING--PERSONAL NAME
- Personal name: Haris Naseem Abbasi
670 ## - SOURCE DATA FOUND
- Source citation: Work cat.: (NUST)9137: Haris Naseem Abbasi, Malware Analysis Toolkit [Project BICSE2], 2008.
